00243nam a2200109Ia 4500100002100000654001200021245004200033260002500075082001300100300000800113546001200121 aSatyanarayana/S  aNetwork aNetwork theory analysis and synthesis bTechnovaaPunec1995 a4.6bSAT a482 aENGLISH